000 00367 a2200157 4500
001 61269
020 _a9783468494963
040 _cAnchieta - Pituba
100 _aSchmitz, Helen
240 1 0 _aEinfach grammatik
_lpor
245 1 0 _aEinfach grammatik
300 _a271
362 0 _a2007
650 4 _aLínguas germânicas (teutônicas) língua alemã
942 _cBK
999 _c61269
_d61269